Argentina 2018 FIFA World Cup Squad - Statistics

General Stats
  • This quiz has been taken 2,555 times
    2,275 since last reset
  • The average score is 14 of 24
Answer Stats
Position Player Club % Correct
FW Lionel Messi FC Barcelona
99%
FW Sergio Agüero Manchester City
94%
FW Paulo Dybala Juventus FC
90%
MF Ángel Di María Paris Saint-Germain
88%
FW Gonzalo Higuaín Juventus FC
86%
DF Nicolás Otamendi Manchester City
82%
GK Willy Caballero Chelsea FC
80%
DF Marcos Rojo Manchester United
79%
DF Nicolás Tagliafico Ajax Amsterdam
70%
DF Javier Mascherano Hebei China Fortune
61%
GK Franco Armani River Plate
58%
MF Éver Banega Sevilla FC
54%
MF Lucas Biglia AC Milan
53%
DF Federico Fazio AS Roma
50%
DF Marcos Acuña Sporting CP
49%
Coach Jorge Sampaoli /
46%
DF Gabriel Mercado Sevilla FC
44%
MF Giovani Lo Celso Paris Saint-Germain
42%
MF Enzo Perez River Plate
41%
MF Cristian Pavón Boca Juniors
37%
MF Maximiliano Meza Independiente
29%
DF Cristian Ansaldi Torino FC
28%
MF Eduardo Salvio Benfica
27%
GK Nahuel Guzmán Tigres UANL
26%
No matching quizzes found
Score Distribution
Percent of People with Each Score
Percentile by Number Answered
Your Score History
You have not taken this quiz since the last reset